LEADER 00849nam0-22003131i-450- 001 990007502330403321 005 20051109134647.0 035 $a000750233 035 $aFED01000750233 035 $a(Aleph)000750233FED01 035 $a000750233 100 $a20030814d1948----km-y0itay50------ba 101 0 $aita 102 $aIT 105 $ay-------001yy 200 1 $aCristoforo Colombo$fCarlo Castiglioni 210 $aBrescia$cLa Scuola$dc 1948 215 $a157 p.$d18 cm 225 1 $aEsploratori e geografi 610 0 $aViaggi e viaggiatori 610 0 $aColombo, Cristoforo 700 1$aCastiglioni,$bCarlo$f<1884-1964>$0189617 801 0$aIT$bUNINA$gRICA$2UNIMARC 901 $aBK 912 $a990007502330403321 952 $aC-05-054$bIst.4299$fILFGE 959 $aILFGE 996 $aCristoforo Colombo$9676491 997 $aUNINA LEADER 01230nam--2200385---450- 001 990001607030203316 005 20090610145713.0 010 $a88-387.2479-2 035 $a000160703 035 $aUSA01000160703 035 $a(ALEPH)000160703USA01 035 $a000160703 100 $a20040427d2003----km-y0enga50------ba 101 0 $aita 102 $aIT 105 $ay|||z|||001yy 200 1 $aCapitolato speciale di appalto per opere edili$econ riferimento alla norma UNI 8290$fAndrea Bassi 205 $a3. ed. aggiornata con la legge 1. agosto 2002, n.166 210 $aRimini$cMaggioli$d2003 215 $a167 p.$d30 cm.$e1 CD-ROM 225 2 $aCapitolati$v5 410 0$12001$aCapitolati$v5 606 0 $aEdilizia$xCapitolati di appalto 676 $a344.450669 700 1$aBASSI,$bAndrea$024904 801 0$aIT$bsalbc$gISBD 912 $a990001607030203316 951 $aXXIV.3.A 45 (IG V 652 A)$b39716 G.$cXXIV.3.A 45 (IG V)$d00132022 959 $aBK 969 $aGIU 979 $aMARIA$b10$c20040427$lUSA01$h1156 979 $aRENATO$b90$c20040510$lUSA01$h1329 979 $aRSIAV5$b90$c20090610$lUSA01$h1457 996 $aCapitolato speciale di appalto per opere edili$9333705 997 $aUNISA LEADER 01084nam--2200373---450- 001 990003244910203316 005 20090514113840.0 010 $a978-90-272-2304-3 035 $a000324491 035 $aUSA01000324491 035 $a(ALEPH)000324491USA01 035 $a000324491 100 $a20090514d2008----km-y0itay50------ba 101 $aeng 102 $aNL 105 $a||||||||001yy 200 1 $aCorpus and Context$einvestigating pragmatic functions in spoken discourse$fSvenja Adolphs 210 $aAmsterdam$aPhiladelphia$cBenjamins$dcopyr. 2008 215 $aX, 151 p.$d25 cm 225 2 $aStudies in corpus linguistics$v30 410 0$12001$aStudies in corpus linguistics 454 1$12001 461 1$1001-------$12001 606 0 $aAnalisi del discorso 676 $a401.410285 700 1$aADOLPHS,$bSvenja$0604158 801 0$aIT$bsalbc$gISBD 912 $a990003244910203316 951 $aI.8.F.23$b9102 DSLL 959 $aBK 969 $aDSLL 979 $aDSLL$b90$c20090514$lUSA01$h1138 996 $aCorpus and Context$91013020 997 $aUNISA